Aykırı beyinler acayip ilişkiler : (Record no. 15055)

MARC details
000 -BAŞLIK
Sabit Uzunlukta Kontrol Alanı 00685nam a22002057a 4500
999 ## - SİSTEM KONTROL NUMARALARI (KOHA)
Koha Biblionumber 15055
Koha Biblioitemnumber 15055
003 - KONTROL NUMARASI IDENTIFIER
Denetim Alanı MIRAKIL
005 - SON İŞLEM TARİHİ VE ZAMANI
Denetim Alanı 20221024170051.0
008 - SABİT-BOY VERİ ELEMANLARI - GENEL BİLGİLER
Sabit Uzunlukta Kontrol Alanı 221024b tu ||||| |||| 00| 0 tur d
020 ## - ULUSLARARASI STANDART KİTAP NUMARASI
Uluslararası Standart Kitap Numarası 9786053118220
040 ## - KATALOGLAMA KAYNAK
Orijinal Kataloglama Ajansı TR-AnCHP
Metne Dönüştürmek Ajansı TR-AnCHP
041 ## - DİL KODU
Metin / Ses Parça Veya Ayrı Başlığın Dil Kodu tur
082 ## - DEWEY ONLU SINIFLANDIRMA NUMARASI
Sınıflandırma Numarası 155.25
Ürün Numarası Ö39a 2020
100 ## - ANA GİRİŞ - KİŞİSEL İSİM
Kişisel Ad Öğütçü, Mehmet
245 10 - BAŞLIK TABLOSU
Başlık Aykırı beyinler acayip ilişkiler :
Başlığın Kalan onlar sayesinde “zamlo” denen şeyler oluyor /
Sorumluluk Tablosu, Vb Mehmet Öğütçü
260 ## - YAYIN, DAĞITIM, VB
Yayın, Dağıtım, Vb Yeri İstanbul :
Yayıncı, Dağıtıcı, Vs Adı Destek Yayınları,
Yayın, Dağıtım, Vb Tarihi 2020.
300 ## - FİZİKSEL TANIM
Kapsam 297 s.:
Boyutlar 21 sm.
490 0# - SERİSİ TABLOSU
Seri Beyanı Destek Yayınları ;
-- Güncel ;
Hacim / Ardışık Tanımı 1270.
-- 97.
650 #0 - KONU KATMA GİRİŞ - TOPİKAL DÖNEM
9 (RLIN) 6253
Topikal Süreli Veya Coğrafi Ad Giriş Elemanı Kişisel gelişim
Genel Alt Bölümü Kadın erkek ilişkileri
942 ## - EKLENDİ GİRİŞ ELEMANLARI (KOHA)
Sınıflandırma Veya Raf Düzeni Kaynak Dewey Decimal Classification
Koha Öğesi Türü Books
Holdings
Kalıcı Konum Mevcut Konum Edinme Tarihi Toplam Check-Out'Lar Tam Çağrı Numarası Barkod Tarih Son Görülme İtibaren Geçerli Fiyatlar Koha Öğesi Türü
CHP Kütüphanesi CHP Kütüphanesi 10/24/2022   155.25 Ö39a 2020 020599 10/24/2022 10/24/2022 Books